000 00420nam a2200181Ia 4500
005 20250423101049.0
008 250422s9999 xx 000 0 und d
020 _a9789350145937
050 _aTA 549 .S28/
100 _aSoni, Saurabh Kumar
245 0 _aSurveying -II
260 _aNew Delhi
260 _bS.K. Kataria & Sons
260 _c2016
300 _a364 p
650 _a Surveying
942 _cBK
999 _c35175
_d35175